[Event "Guillermo Garcia Premier I"]
[Site "Santa Clara CUB"]
[Date "2000.05.29"]
[Round "5"]
[White "Bruzon,L"]
[Black "Gonzalez,Bernal"]
[Result "1-0"]
[WhiteElo "2568"]
[BlackElo "2416"]

1.c4 f5 2.g3 Nf6 3.Bg2 g6 4.Nc3 Bg7 5.d3 d6 6.e4 Nc6 7.Nge2 O-O 8.O-O e5
9.Nd5 h6 10.Be3 g5 11.exf5 Bxf5 12.b4 a6 13.Qd2 Qd7 14.b5 axb5 15.cxb5 Na5
16.b6 Nxd5 17.Bxd5+ Be6 18.Bxe6+ Qxe6 19.bxc7 d5 20.Bc5 Rfc8 21.Rab1 Ra6
22.Rb5 b6 23.Bxb6 Rxb6 24.Rxa5 Rxc7 25.Nc3 Rd7 26.Na4 Rc6 27.Nc5 Rxc5 28.Rxc5 e4
29.dxe4 dxe4 30.Qe2  1-0

[Event "Guillermo Garcia Premier I"]
[Site "Santa Clara CUB"]
[Date "2000.05.30"]
[Round "6"]
[White "Perez,Lu"]
[Black "Bruzon,L"]
[Result "1/2-1/2"]
[WhiteElo "2459"]
[BlackElo "2568"]

1.e4 g6 2.d4 Bg7 3.c4 d6 4.Nc3 e5 5.dxe5 dxe5 6.Qxd8+ Kxd8 7.Bg5+ f6 8.O-O-O+ Nd7
9.Be3 Bh6 10.Bxh6 Nxh6 11.f4 exf4 12.Nh3 c6 13.Nxf4 Re8 14.Be2 Kc7 15.Rhe1 Nc5
16.Rd4 a5 17.g3 Nf7 18.Ng2 f5 19.g4 Nd6 20.exf5 gxf5 21.gxf5 Nxf5 22.Rf4 Nd6
23.Rd1 Be6 24.b3 Rg8 25.Ne3 Rae8 26.Ng4 Bxg4 27.Bxg4 Re7 28.Rfd4 Nf7 29.Bf5 Ne5
30.Ne4 Nxe4 31.Rxe4 Rg5 32.Rf1 Nd3+ 33.Kd2 Rxe4 34.Bxe4 Nc5 35.Bc2 Rg2+ 36.Kc3  1/2-1/2

[Event "Guillermo Garcia Premier I"]
[Site "Santa Clara CUB"]
[Date "2000.06.01"]
[Round "7"]
[White "Bruzon,L"]
[Black "De la Paz,F"]
[Result "1-0"]
[WhiteElo "2568"]
[BlackElo "2462"]

1.c4 Nf6 2.Nc3 g6 3.g3 Bg7 4.Bg2 O-O 5.d3 d6 6.e3 e5 7.Nge2 c6 8.O-O d5 9.cxd5 cxd5
10.Qb3 d4 11.exd4 exd4 12.Bxb7 Bxb7 13.Qxb7 Nbd7 14.Nxd4 Nc5 15.Qb5 Rc8 16.Nc6 Qd7
17.Ne5 Qh3 18.d4 Rfe8 19.Ne2 Rxe5 20.Nf4 Ne6 21.Qxe5 Nxf4 22.Qxf4 Ng4 23.Re1 Bh6
24.Qf3 Qxh2+ 25.Kf1 Rc2 26.Re2 Qh3+ 27.Ke1 Rxc1+ 28.Rxc1 Bxc1 29.Re7 Nh6
30.d5 Qc8 31.d6 Bg5 32.Qd5 Qc1+ 33.Ke2 Qxb2+ 34.Kf1 Qf6 35.Re8+ Kg7 36.d7 Ng4
37.Qc5 Qa1+ 38.Kg2 Ne3+ 39.fxe3  1-0

[Event "Guillermo Garcia Premier I"]
[Site "Santa Clara CUB"]
[Date "2000.06.03"]
[Round "9"]
[White "Bruzon,L"]
[Black "Roeder,M"]
[Result "1/2-1/2"]
[WhiteElo "2568"]
[BlackElo "2413"]

1.e4 c5 2.Nf3 d6 3.d4 cxd4 4.Nxd4 Nf6 5.Nc3 a6 6.Be3 e5 7.Nb3 Be6 8.f3 Be7
9.Qd2 O-O 10.O-O-O b5 11.g4 b4 12.Nd5 Bxd5 13.exd5 a5 14.Nc5 Nbd7 15.Na4 Rb8
16.Kb1 Re8 17.Be2 Nf8 18.h4 Ng6 19.h5 Nf4 20.Bxf4 exf4 21.Qxf4 Nd7 22.Bd3 Ne5
23.Qg3 Nxd3 24.Rxd3 Bf6 25.f4 h6 26.Qg2 Qe7 27.Rg1 Qe2 28.Qxe2 Rxe2 29.b3 Rbe8
30.Nb2 Bxb2 31.Kxb2 Rc8 32.Rc1  1/2-1/2

[Event "Guillermo Garcia Premier I"]
[Site "Santa Clara CUB"]
[Date "2000.06.05"]
[Round "10"]
[White "Bruzon,L"]
[Black "Perez,Rod"]
[Result "1-0"]
[WhiteElo "2568"]
[BlackElo "2472"]

1.e4 e5 2.Nf3 Nf6 3.Nxe5 d6 4.Nf3 Nxe4 5.d4 d5 6.Bd3 Be7 7.O-O Bf5 8.Re1 Nc6
9.c4 O-O 10.Nc3 Nxc3 11.bxc3 Bxd3 12.Qxd3 dxc4 13.Qxc4 Qd7 14.Rb1 b6 15.d5 Na5
16.Qd3 Rfe8 17.Bf4 Rad8 18.Rbd1 Bf6 19.h3 Rxe1+ 20.Rxe1 b5 21.Bg5 Nc4 22.Bxf6 gxf6
23.Re4 Nd6 24.Rg4+ Kh8 25.Qd4 Ne8 26.Qe3 f5 27.Ne5  1-0

[Event "Guillermo Garcia Premier I"]
[Site "Santa Clara CUB"]
[Date "2000.06.07"]
[Round "12"]
[White "Bruzon,L"]
[Black "Bellon Lopez,JM"]
[Result "1-0"]
[WhiteElo "2568"]
[BlackElo "2446"]

1.e4 c6 2.d3 d5 3.Nd2 e5 4.Ngf3 Nd7 5.g3 Ngf6 6.Bg2 Bd6 7.O-O O-O 8.b3 a5
9.a4 Re8 10.Bb2 Qc7 11.h3 Nf8 12.Nh4 Ng6 13.Nf5 Bb4 14.Qe2 Ne7 15.Nh4 Ng6
16.Nf5 Ne7 17.Nh4 Ng6 18.Ndf3 dxe4 19.dxe4 Nxh4 20.Nxh4 Nd7 21.Rfd1 Nf8 22.Nf5 Be6
23.h4 Rad8 24.Qe3 f6 25.Rxd8 Rxd8 26.c3 Bxf5 27.cxb4 Be6 28.bxa5 Qxa5 29.Bc3 Qc7
30.Bf1 Bxb3 31.Ba5 Qxa5 32.Qxb3+ Kh8 33.Qxb7 Rd2 34.Qb3 Nd7 35.Rd1 Rxd1 36.Qxd1 Qc7
37.a5 g6 38.a6 Nb6 39.Qa1 Nc8 40.Qb2 Nb6 41.Qa3 Kg7 42.a7 Na8 43.Bc4 Qb7
44.Qa6 Qd7 45.Be6 Qc7 46.Qc8  1-0

[Event "34th Olympiad"]
[Site "Istanbul TUR"]
[Date "2000.10.30"]
[Round "3"]
[White "Kallio,H"]
[Black "Bruzon,L"]
[Result "0-1"]
[WhiteElo "2451"]
[BlackElo "2534"]

1.c4 Nf6 2.Nc3 d5 3.d4 e6 4.cxd5 exd5 5.Bg5 c6 6.Qc2 Be7 7.e3 Nbd7 8.Bd3 Nh5
9.Bxe7 Qxe7 10.Nge2 Nb6 11.O-O-O g6 12.Kb1 Ng7 13.Rhe1 Bf5 14.f3 Bxd3 15.Rxd3 O-O
16.e4 Rad8 17.Ng3 Ne6 18.Nf5 gxf5 19.exf5 Qh4 20.g3 Nxd4 21.Qf2 Qf6 22.Rxd4 Qxf5+
23.Ka1 Rfe8 24.Rg4+ Kh8 25.Rf4 Rxe1+ 26.Qxe1 Qe6 27.Qd2 Re8 28.Nb1 f6 29.Rh4 Nc4
30.Qh6 Qf7 31.Rf4 Qg7 32.Qh3 Ne3 33.a3 f5 34.g4 d4  0-1

[Event "34th Olympiad"]
[Site "Istanbul TUR"]
[Date "2000.11.01"]
[Round "5"]
[White "Bruzon,L"]
[Black "Sadvakasov,D"]
[Result "1/2-1/2"]
[WhiteElo "2534"]
[BlackElo "2509"]

1.c4 Nf6 2.Nc3 e5 3.g3 Bb4 4.Bg2 O-O 5.e4 Bxc3 6.bxc3 c6 7.Ba3 Re8 8.Qb3 b6
9.Ne2 Bb7 10.Bd6 Re6 11.Bxb8 Rxb8 12.O-O d5 13.cxd5 cxd5 14.exd5 Bxd5 15.Bxd5 Qxd5
16.Qxd5 Nxd5 17.a4 Rd8 18.Rfd1 Rc6 19.Kf1 Kf8 20.Rdb1 Nc7 21.Ra2 Rc4 22.f4 f6
23.fxe5 fxe5 24.Nc1 Ke7 25.Nb3 Re4 26.Raa1 Rf8+ 27.Kg1 Re2 28.Re1 Rff2 29.Rxe2 Rxe2
30.h4 Kd6 31.Kf1 Re4 32.Kf2 h5 33.d3 Rg4 34.Nd2 Nd5 35.Ne4+ Kc6 36.Kf3 a5
37.Re1 Nf6 38.Rb1 Nxe4 39.dxe4 Rg6 40.Rb5 Rf6+ 41.Ke3 Rg6 42.Rxe5 Rxg3+ 43.Kd4 g6
44.Re6+ Kc7 45.e5 g5 46.hxg5 Rxg5 47.Kd5 Rg7 48.Rc6+ Kb7 49.Rh6 Rd7+ 50.Ke6 Rc7
51.Kf6 Rxc3 52.e6 Rf3+ 53.Kg7 Kc6 54.Rf6 Re3 55.Kf8 b5 56.e7+ Kd7 57.Rf7 Kc6
58.e8=Q+ Rxe8+ 59.Kxe8 bxa4 60.Rf5 Kb6 61.Rxh5  1/2-1/2

[Event "34th Olympiad"]
[Site "Istanbul TUR"]
[Date "2000.11.02"]
[Round "6"]
[White "Bruzon,L"]
[Black "Bryson,D"]
[Result "1-0"]
[WhiteElo "2534"]
[BlackElo "2370"]

1.e4 d5 2.exd5 Nf6 3.d4 Bg4 4.Nf3 Qxd5 5.Be2 Nc6 6.h3 Bxf3 7.Bxf3 Qd7 8.O-O Nxd4
9.Bxb7 Rb8 10.Ba6 e6 11.c3 Nf5 12.Qe2 Bd6 13.Nd2 O-O 14.Nf3 Rfe8 15.Bg5 Nd5
16.c4 Nb4 17.Bb5 c6 18.Ba4 f6 19.Rfd1 fxg5 20.c5 Nd5 21.cxd6 Qxd6 22.Nxg5 Re7
23.Bb3 h6 24.Nf3 Ree8 25.Rac1 Rf8 26.Qe5 Qd7 27.Qe4 Nd6 28.Ne5 Qe8 29.Qe1 Nf5
30.Nxc6 Nf4 31.Rc4 Nh4 32.Rxf4 Rxf4 33.Qxe6+ Kh8 34.Nxb8 Qxb8 35.Qd6 Qb7
36.Qd8+ Kh7 37.Qg8+ Kg6 38.Rd6+ Kh5 39.g4+ Kg5 40.Rd5+  1-0

[Event "34th Olympiad"]
[Site "Istanbul TUR"]
[Date "2000.11.04"]
[Round "7"]
[White "Bruzon,L"]
[Black "Pavasovic,D"]
[Result "1-0"]
[WhiteElo "2534"]
[BlackElo "2523"]

1.c4 e6 2.Nf3 d5 3.b3 Nf6 4.Bb2 c5 5.g3 Nc6 6.Bg2 d4 7.O-O Bd6 8.e3 e5 9.exd4 cxd4
10.d3 O-O 11.Ba3 Re8 12.Re1 Bf5 13.Nh4 Bg4 14.Qc1 Bxa3 15.Nxa3 Qa5 16.h3 Bd7
17.Nb5 Nb4 18.Qd2 Bxb5 19.cxb5 Qxb5 20.Nf5 Re6 21.Qg5 g6 22.Nxd4 h6 23.Nxb5 hxg5
24.Nc7 Rae8 25.Red1 R8e7 26.Nxe6 Rxe6 27.Bxb7 Rd6 28.Be4 a5 29.Kf1 g4 30.hxg4 Nxg4
31.Rd2 f5 32.a3 fxe4 33.axb4 axb4 34.Ke2 Rf6 35.dxe4 Rxf2+ 36.Kd3 Rf3+ 37.Kc4 Kg7
38.Rd3 Rf7 39.Kxb4 Nf2 40.Re3 Rd7 41.Kc5 Rd2 42.b4 Rc2+ 43.Kb5 Kh6 44.Ka6 Rc4
45.b5 Nxe4 46.b6 Nc5+ 47.Kb5 Rc2 48.Rxe5 Nd7 49.Rh1+  1-0

[Event "34th Olympiad"]
[Site "Istanbul TUR"]
[Date "2000.11.07"]
[Round "10"]
[White "Bruzon,L"]
[Black "Brynell,S"]
[Result "1/2-1/2"]
[WhiteElo "2534"]
[BlackElo "2484"]

1.e4 e6 2.d4 d5 3.Nc3 Nf6 4.Bg5 Bb4 5.e5 h6 6.Be3 Ne4 7.Qg4 g6 8.a3 Bxc3+
9.bxc3 Nxc3 10.Bd3 Qe7 11.h4 Nc6 12.Nh3 Bd7 13.h5 g5 14.f4 gxf4 15.Bf2 Qf8
16.Qxf4 O-O-O 17.Bh4 Re8 18.O-O Rg8 19.Nf2 Qg7 20.g3 Ne7 21.Kh2 Nf5 22.Rg1 Ne4
23.Bxe4 dxe4 24.Nxe4 Qg4 25.Qxg4 Rxg4 26.Nf6 Rxd4 27.Nxe8 Bxe8 28.Kh3 Re4
29.Rad1 Bd7 30.Bf6 c5 31.g4 Re3+ 32.Kh2 Re2+ 33.Kh3 Re3+ 34.Kh2 Re2+ 35.Kh3 Re3+  1/2-1/2

[Event "34th Olympiad"]
[Site "Istanbul TUR"]
[Date "2000.11.10"]
[Round "13"]
[White "Yermolinsky,A"]
[Black "Bruzon,L"]
[Result "1/2-1/2"]
[WhiteElo "2596"]
[BlackElo "2534"]

1.d4 d5 2.c4 e6 3.Nc3 Be7 4.Nf3 Nf6 5.Bg5 O-O 6.e3 h6 7.Bh4 b6 8.Bd3 Nbd7
9.Bg3 Bb7 10.O-O c5 11.cxd5 Nxd5 12.Rc1 N7f6 13.Re1 cxd4 14.exd4 Rc8 15.Re2 a6
16.Bb1 b5 17.Be5 Nxc3 18.bxc3 Bxf3 19.gxf3 Nd5 20.Qd3 g6 21.f4 Kh7 22.h4 Rg8
23.h5 f5 24.Qh3 gxh5+ 25.Kf1 Rg6 26.Rec2 Qg8 27.Ke2 Bf6 28.Qf3 Bxe5 29.fxe5 Rg4
30.c4 Re4+ 31.Kf1 bxc4 32.Rxc4 Rxc4 33.Rxc4 Rf4 34.Qb3 Rg4 35.Ke2 Rg1 36.Qb7+ Kg6
37.Rc8 Qf7 38.Qb8 Kg7 39.Bc2 h4 40.Bb3 Nf4+ 41.Ke3 Re1+ 42.Kxf4 Re4+ 43.Kf3 Qh5+
44.Kg2 Qg4+ 45.Kh2 Qf4+ 46.Kg2 Qg4+ 47.Kh2 Qf4+ 48.Kg2 Qg4+  1/2-1/2

[Event "VI Open"]
[Site "Lisbon POR"]
[Date "2000.11.20"]
[Round "3"]
[White "Blalock,R"]
[Black "Bruzon,L"]
[Result "1/2-1/2"]
[WhiteElo "2184"]
[BlackElo "2534"]

1.e4 c5 2.Nc3 Nc6 3.g3 g6 4.Bg2 Bg7 5.d3 d6 6.f4 e6 7.Nf3 Nge7 8.O-O O-O
9.Be3 Nd4 10.Qd2 d5 11.Nd1 Nxf3+ 12.Bxf3 d4 13.Bf2 e5 14.fxe5 Nc6 15.Bg2 Nxe5
16.b3 Bg4 17.Nb2 b5 18.a4 a6 19.Kh1 Qd7 20.axb5 axb5 21.Bg1 Ra7 22.Rxa7 Qxa7
23.h3 Be6 24.g4 Qa2 25.Qc1 Rc8 26.Qa1 Ra8 27.Qc1 Rc8 28.Qa1 Qxa1 29.Rxa1 Nc6
30.Bh2 Nb4 31.Ra5 Bd7 32.Ra7 Be8 33.e5 Nxc2 34.Bb7 Rc7 35.Ra8 Rxb7 36.Rxe8+ Bf8
37.Bf4 Kg7 38.Bg5 h6 39.Bf6+ Kg8 40.Nd1 Nb4 41.Nf2 Nd5 42.Ne4 Rc7 43.Rd8 Nf4
44.Bh4 Ne6 45.Nf6+ Kh8 46.Ra8 c4 47.bxc4 bxc4 48.Nd5 Rc5 49.dxc4 g5 50.Be1 Rxc4
51.Bb4 Kg7 52.Bxf8+ Nxf8 53.Nf6 d3 54.Nh5+ Kg8 55.Nf6+ Kg7 56.Nh5+ Kg8  1/2-1/2

[Event "VI Open"]
[Site "Lisbon POR"]
[Date "2000.11.22"]
[Round "5"]
[White "Boehm,M"]
[Black "Bruzon,L"]
[Result "0-1"]
[WhiteElo "2290"]
[BlackElo "2534"]

1.e4 c5 2.Nc3 Nc6 3.g3 g6 4.Bg2 Bg7 5.d3 d6 6.Nh3 e6 7.O-O Nge7 8.Be3 b6
9.Qd2 h6 10.Rae1 Kf8 11.Nf4 Bb7 12.Nfe2 Kg8 13.Rd1 Ba6 14.Rfe1 Nd4 15.Nc1 Rc8
16.N3e2 d5 17.Bxd4 cxd4 18.Nb3 e5 19.f4 dxe4 20.dxe4 Qc7 21.Rc1 h5 22.fxe5 Bxe2
23.Rxe2 Bh6  0-1

[Event "VI Open"]
[Site "Lisbon POR"]
[Date "2000.11.24"]
[Round "7"]
[White "Fernandes,An"]
[Black "Bruzon,L"]
[Result "0-1"]
[WhiteElo "2438"]
[BlackElo "2534"]

1.d4 d5 2.c4 e6 3.Nc3 Nf6 4.Nf3 Be7 5.e3 O-O 6.Bd3 b6 7.O-O Bb7 8.Qe2 Ne4
9.Qc2 f5 10.Ne5 Nd7 11.Nxd7 Qxd7 12.Qa4 Bc6 13.Qb3 a5 14.f3 Nf6 15.Bd2 Rfc8
16.Rac1 a4 17.Qc2 dxc4 18.Bxc4 b5 19.Bd3 b4 20.Ne2 Bd5 21.e4 Bxa2 22.d5 Bb3
23.Qb1 fxe4 24.fxe4 exd5 25.e5 Ne4 26.Ng3 c5 27.e6 Qxe6 28.Nxe4 c4 29.Rce1 cxd3
30.Nf6+ Qxf6 31.Rxf6 Bxf6 32.Qxd3 Bc4 33.Qf3 a3 34.b3 a2 35.bxc4 a1=Q 36.Qxd5+ Kh8
37.Rxa1 Rxa1+ 38.Kf2 Rd8 39.Qb5 Rxd2+ 40.Ke3 Rd8 41.Qxb4 Ra7 42.g3 Rc7 43.Kf3 Rdc8
44.Kg2 Rxc4 45.Qb5 Rc2+ 46.Kh3 h6 47.Qd7 Rb8 48.Qa4 Rbb2 49.Kg4 Rxh2 50.Kf5 Kh7
51.Qe4 Rhf2+  0-1

[Event "VI Open"]
[Site "Lisbon POR"]
[Date "2000.11.25"]
[Round "8"]
[White "Bruzon,L"]
[Black "Van den Doel,E"]
[Result "1/2-1/2"]
[WhiteElo "2534"]
[BlackElo "2547"]

1.e4 e5 2.Nf3 Nc6 3.Bb5 Nf6 4.O-O Nxe4 5.d4 Nd6 6.Bxc6 dxc6 7.dxe5 Nf5 8.Qxd8+ Kxd8
9.Nc3 h6 10.h3 Bd7 11.b3 Kc8 12.Bb2 Ne7 13.Rad1 Ng6 14.Ne4 a5 15.Ne1 Nf4
16.a4 b6 17.Nd3 Nxd3 18.Rxd3 Bf5 19.Re1 Bb4 20.Re2 Kb7 21.g4 Be6 22.Kg2 h5
23.f3 hxg4 24.hxg4 Rh4 25.Bc1 Rah8 26.Bf4 Bd5 27.Rd1 Be7 28.Nf2 Rd8 29.c4 Be6
30.Rxd8 Bxd8 31.Ne4 Rh8 32.Bg5 Bxg5 33.Nxg5 b5 34.axb5 cxb5 35.Nxe6 fxe6
36.cxb5 Rd8 37.Re3 Rd4 38.g5 Rb4 39.g6 Kc8 40.Kg3 Rxb5 41.Kg4 Rd5 42.f4 Rd1
43.Rg3 Kd7 44.f5 exf5+ 45.Kxf5 Rf1+ 46.Ke4 Ke6 47.Rc3 Re1+ 48.Kf4 Rf1+ 49.Ke4 Re1+
50.Kf4 Rf1+  1/2-1/2

[Event "Abel Cardona Open"]
[Site "Cali COL"]
[Date "2000.12.16"]
[Round "1"]
[White "Ruiz,P"]
[Black "Bruzon,L"]
[Result "0-1"]
[WhiteElo "2285"]
[BlackElo "2534"]

1.e4 c5 2.Nf3 e6 3.d4 cxd4 4.Nxd4 a6 5.c4 Nf6 6.Nc3 Qc7 7.Bd3 Nc6 8.Nxc6 dxc6
9.O-O e5 10.Qe2 Be6 11.Be3 Ng4 12.Bd2 Rd8 13.Rad1 Bc5 14.h3 Nf6 15.Bg5 Qe7
16.Kh1 h6 17.Bh4 g5 18.Bg3 Bd4 19.Nb1 h5 20.f3 h4 21.Bh2 Nh5 22.Nc3 Ng3+
23.Bxg3 hxg3 24.Qe1 Bxh3 25.gxh3 Qe6 26.Qxg3 Rxh3+ 27.Kg2 Rxg3+ 28.Kxg3 Ke7  0-1

[Event "Abel Cardona Open"]
[Site "Cali COL"]
[Date "2000.12.17"]
[Round "2"]
[White "Bruzon,L"]
[Black "Rios,M"]
[Result "1-0"]
[WhiteElo "2534"]
[BlackElo "2328"]

1.c4 Nf6 2.g3 g6 3.Bg2 Bg7 4.Nc3 O-O 5.d3 d6 6.Rb1 c5 7.e3 Nc6 8.Nge2 e5
9.O-O Be6 10.e4 Qd7 11.a3 Nd4 12.b4 b6 13.Rb2 Rac8 14.Bd2 Bh3 15.f3 Be6 16.a4 Kh8
17.Nxd4 cxd4 18.Nd5 Bxd5 19.cxd5 Ng8 20.b5 Bh6 21.f4 Rc7 22.Rc2 Rxc2 23.Qxc2 Rc8
24.Qd1 Kg7 25.Kh1 Rc7 26.Bb4 Nf6 27.Qf3 Qe7 28.Bh3 Nd7 29.Bxd7 Rxd7 30.Rc1 exf4
31.gxf4 Qh4 32.Rf1 Kg8 33.e5 Bf8 34.e6 Rd8 35.f5 fxe6 36.dxe6 gxf5 37.Qxf5 Be7
38.Be1  1-0

[Event "Abel Cardona Open"]
[Site "Cali COL"]
[Date "2000.12.17"]
[Round "3"]
[White "Pecorelli Garcia,H"]
[Black "Bruzon,L"]
[Result "0-1"]
[WhiteElo "2418"]
[BlackElo "2534"]

1.d4 Nf6 2.c4 e6 3.Nc3 d5 4.Bg5 Be7 5.e3 O-O 6.Nf3 h6 7.Bh4 b6 8.Rc1 Bb7
9.Be2 Nbd7 10.O-O c5 11.Bg3 dxc4 12.Bxc4 a6 13.Bd3 b5 14.Bb1 Rc8 15.Re1 cxd4
16.exd4 b4 17.Ne4 Rxc1 18.Qxc1 Qa8 19.Nfd2 Rc8 20.Qd1 Nxe4 21.Bxe4 Bxe4 22.Nxe4 Qd5
23.b3 f5 24.Nd2 Qxd4 25.Rxe6 Bf8 26.h3 Nc5  0-1

[Event "Abel Cardona Open"]
[Site "Cali COL"]
[Date "2000.12.18"]
[Round "4"]
[White "Bruzon,L"]
[Black "Kastanieda,G"]
[Result "1-0"]
[WhiteElo "2534"]
[BlackElo "2457"]

1.e4 e6 2.d3 d5 3.Qe2 Be7 4.Nf3 Nf6 5.g3 b6 6.e5 Nfd7 7.Bg2 c5 8.O-O Bb7
9.c4 O-O 10.Re1 Na6 11.h4 Nc7 12.Nc3 b5 13.cxb5 a6 14.bxa6 Bxa6 15.Ng5 Qb8
16.Bf4 Qb6 17.Rad1 Rfb8 18.Rd2 Ra7 19.Qh5 Bxg5 20.Bxg5 Qa5 21.Qd1 Rb4 22.Be7 Rab7
23.Qc1 R4b6 24.a3 Rb3 25.d4 Bc4 26.dxc5 Nxc5 27.Bxc5 Qxc5 28.Ne4 Qc6 29.Nd6 Rb8
30.Nxc4 Qxc4 31.Rc2  1-0

[Event "Abel Cardona Open"]
[Site "Cali COL"]
[Date "2000.12.19"]
[Round "5"]
[White "Garcia,Gild"]
[Black "Bruzon,L"]
[Result "0-1"]
[WhiteElo "2448"]
[BlackElo "2534"]

1.e4 c5 2.Nf3 d6 3.d4 cxd4 4.Nxd4 Nf6 5.Nc3 a6 6.Be3 e6 7.f3 b5 8.g4 b4 9.Na4 Bd7
10.b3 Bxa4 11.bxa4 Qc7 12.Qd2 h6 13.Be2 Nbd7 14.O-O-O d5 15.h4 dxe4 16.g5 Nd5
17.fxe4 Qc3 18.Nb3 Qxd2+ 19.Bxd2 Nc3 20.Bxc3 bxc3 21.g6 fxg6 22.Rh3 Bb4 23.Kb1 Ne5
24.a3 Be7 25.Rxc3 O-O 26.Rc7 Bxh4 27.Rd6 g5 28.Rxe6 g4 29.Rxe5 Bg3 30.Ree7 Bxc7
31.Bxg4 Bd6 32.Re6 Bxa3 33.e5 Rf4 34.Rg6 Kh7  0-1

[Event "Abel Cardona Open"]
[Site "Cali COL"]
[Date "2000.12.20"]
[Round "6"]
[White "Bruzon,L"]
[Black "Alzate,D"]
[Result "1/2-1/2"]
[WhiteElo "2534"]
[BlackElo "2419"]

1.e4 c5 2.Nf3 d6 3.d4 cxd4 4.Nxd4 Nf6 5.Nc3 a6 6.Be2 e5 7.Nb3 Be7 8.Be3 O-O
9.g4 Be6 10.g5 Nfd7 11.Qd2 Nb6 12.O-O-O N8d7 13.h4 Rc8 14.h5 Qc7 15.Kb1 Rfd8
16.Rdg1 Nc4 17.Bxc4 Qxc4 18.g6 Nf6 19.Bh6 gxh6 20.Qxh6 Kh8 21.f3 Rd7 22.gxf7 Ng4
23.fxg4 Bf8 24.Qf6+ Bg7 25.Qh4 Rxf7 26.g5 Rf4 27.Qg3 Rg8 28.Qd3 Bf8 29.Nd2 Qd4
30.Qxd4 exd4 31.Ne2 Rf2 32.Nxd4 Bxa2+ 33.Kxa2 Rxd2 34.Ne6 Rxc2 35.g6 Bh6
36.Nd4 Rd2 37.Nf5 Bg7 38.Nxg7 Rxg7 39.Rc1 Re7 40.Rc8+ Kg7 41.gxh7 Kxh7 42.Rg1 Rh2
43.Rd8 Rxh5 44.Rxd6 Rh6  1/2-1/2

[Event "Abel Cardona Open"]
[Site "Cali COL"]
[Date "2000.12.21"]
[Round "7"]
[White "Khenkin,I"]
[Black "Bruzon,L"]
[Result "1-0"]
[WhiteElo "2633"]
[BlackElo "2534"]

1.d4 d5 2.c4 e6 3.Nc3 Nf6 4.Nf3 Nbd7 5.Bg5 Be7 6.cxd5 exd5 7.e3 O-O 8.Bd3 Re8
9.Qc2 c6 10.h3 Nf8 11.O-O g6 12.Rab1 Ne6 13.Bh4 Ng7 14.b4 a6 15.a4 Bf5 16.b5 axb5
17.axb5 Bxd3 18.Qxd3 Nf5 19.Bxf6 Bxf6 20.bxc6 bxc6 21.Rfc1 Ra3 22.Qc2 Qa8
23.Rb6 Ne7 24.Ne2 Ra2 25.Rb2 Rxb2 26.Qxb2 Qa7 27.Nf4 Rb8 28.Qc2 Qa3 29.g4 h6
30.Qc5 Qb2 31.Kg2 Rb7 32.Nd3 Qe2 33.Qc2 Qxc2 34.Rxc2 h5 35.gxh5 g5 36.Nde5 Rc7
37.Rc5 Kg7 38.h6+ Kxh6 39.Nxf7+ Kg6 40.N7e5+ Kf5 41.Ng4 Bg7 42.Nfe5 Rc8 43.Nd3 Ke6
44.Nge5 Bf6 45.Kg3 Kf5 46.f3 Ke6 47.e4 dxe4 48.fxe4 Ra8 49.Nxc6 Ra3 50.d5+ Kf7
51.Nb4 Be5+ 52.Kg4 Bd6 53.Rb5  1-0

[Event "Abel Cardona Open"]
[Site "Cali COL"]
[Date "2000.12.21"]
[Round "8"]
[White "Komarov,D"]
[Black "Bruzon,L"]
[Result "1/2-1/2"]
[WhiteElo "2556"]
[BlackElo "2534"]

1.d4 d5 2.c4 e6 3.Nf3 Nf6 4.Nc3 Be7 5.Bg5 O-O 6.e3 h6 7.Bxf6 Bxf6 8.Qb3 c6
9.Rd1 Nd7 10.Bd3 Rb8 11.O-O b5 12.cxb5 cxb5  1/2-1/2

[Event "Abel Cardona Open"]
[Site "Cali COL"]
[Date "2000.12.22"]
[Round "9"]
[White "Bruzon,L"]
[Black "Urday,H"]
[Result "1-0"]
[WhiteElo "2534"]
[BlackElo "2486"]

1.e4 c5 2.Nf3 e6 3.d3 d5 4.Qe2 Nc6 5.g3 Nge7 6.Bg2 g6 7.h4 h6 8.O-O Bg7 9.e5 Qc7
10.Re1 Nd4 11.Nxd4 cxd4 12.c4 dxc3 13.bxc3 Nc6 14.d4 Na5 15.Bf4 Nc4 16.Nd2 Nxd2
17.Qxd2 b6 18.Bf1 Bd7 19.Rac1 b5 20.Kh2 Rc8 21.Bd3 Bf8 22.Rc2 Qa5 23.Qe2 Be7
24.h5 g5 25.Bd2 Qa4 26.f4 Rg8 27.fxg5 Bxg5 28.Bxg5 Rxg5 29.Rf1 Rc7 30.Qf3 Bc8
31.Rcf2 Re7 32.Qe2 a6 33.Rf6 Qa3 34.Rxh6 Qxc3 35.Qe3 b4 36.Rc1  1-0

[Event "Anibal Open"]
[Site "Anibal Open ESP"]
[Date "2001.01.08"]
[Round "1"]
[White "Bruzon,L"]
[Black "Bjelica,D"]
[Result "1-0"]
[WhiteElo "2534"]
[BlackElo "2335"]

1.e4 c5 2.Nf3 Nc6 3.d4 cxd4 4.Nxd4 Nf6 5.Nc3 e6 6.Ndb5 Bb4 7.a3 Ba5 8.Nd6+ Ke7
9.Bf4 Bxc3+ 10.bxc3 Qa5 11.Qd2 b6 12.Rd1 Ba6 13.Bxa6 Qxa6 14.h4 Rhd8 15.Rh3 Kf8
16.Bg5 Qxa3 17.Bxf6 gxf6 18.Qh6+ Ke7 19.Rf3 f5 20.Qg5+ Kf8 21.Qf6  1-0

[Event "Anibal Open"]
[Site "Anibal Open ESP"]
[Date "2001.01.11"]
[Round "4"]
[White "Burmakin,V"]
[Black "Bruzon,L"]
[Result "1/2-1/2"]
[WhiteElo "2538"]
[BlackElo "2534"]

1.Nf3 d5 2.d4 Nf6 3.c4 e6 4.Nc3 Be7 5.Bg5 O-O 6.e3 h6 7.Bh4 b6 8.Bd3 Bb7
9.O-O Nbd7 10.cxd5 Nxd5 11.Bg3 N7f6 12.Nxd5 Nxd5 13.Rc1 c5 14.Bb1 Rc8 15.Qa4 Qe8
16.Qb3 Nf6 17.Rfd1 Bd5 18.Qd3 cxd4 19.Nxd4 Rxc1 20.Rxc1 Qa8 21.f3 Rc8 22.Rc7 Bb7
23.Be5 Kf8 24.Kf2 Be4 25.Rxc8+ Qxc8 26.Qd1  1/2-1/2

[Event "Anibal Open"]
[Site "Anibal Open ESP"]
[Date "2001.01.12"]
[Round "5"]
[White "Bruzon,L"]
[Black "Franco Ocampos,Z"]
[Result "1/2-1/2"]
[WhiteElo "2534"]
[BlackElo "2512"]

1.e4 g6 2.d4 Bg7 3.Nc3 d6 4.Nf3 a6 5.Be3 b5 6.Bd3 Nd7 7.h4 Bb7 8.h5 c5 9.h6 Bxd4
10.Nxd4 cxd4 11.Bxd4 Ngf6 12.a3 O-O 13.Qd2 e5 14.Be3 Rc8 15.O-O-O Nc5 16.f3 Qe7
17.Bg5 Kh8 18.Be2 Rfd8 19.Kb1 Rd7 20.Rhe1 Ne6 21.Be3 d5 22.exd5 Bxd5 23.Bd3 Bc4
24.Bg1 Nc5 25.Qe3 Bxd3 26.cxd3 Nd5 27.Nxd5 Rxd5 28.d4 Qd8 29.Qe2 Nb3 30.dxe5 Nd2+
31.Ka1 Nb3+ 32.Kb1 Nd2+ 33.Ka1 Nb3+ 34.Kb1 Nd2+  1/2-1/2

[Event "Anibal Open"]
[Site "Anibal Open ESP"]
[Date "2001.01.13"]
[Round "6"]
[White "Meijers,V"]
[Black "Bruzon,L"]
[Result "0-1"]
[WhiteElo "2478"]
[BlackElo "2534"]

1.e4 c5 2.Nf3 d6 3.d4 cxd4 4.Nxd4 Nf6 5.Nc3 a6 6.Be3 e6 7.Qf3 Nbd7 8.O-O-O Qc7
9.Qh3 Nc5 10.f3 b5 11.a3 Rb8 12.g4 Nfd7 13.f4 b4 14.axb4 Rxb4 15.g5 Nb6 16.f5 Nba4
17.Nxa4 Rxa4 18.Kb1 exf5 19.b3 fxe4 20.Qh4 Rb4 21.Bc4 Qb7 22.g6 Rxc4 23.Qxh7 Rxh7
24.gxh7 Rc3 25.Rhe1 Nxb3  0-1

[Event "Anibal Open"]
[Site "Linares ESP"]
[Date "2001.01.16"]
[Round "9"]
[White "Bruzon,L"]
[Black "Kempinski,R"]
[Result "0-1"]
[WhiteElo "2584"]
[BlackElo "2543"]

1.c4 Nf6 2.Nc3 g6 3.e4 d6 4.g3 Bg7 5.Bg2 Nc6 6.Nge2 O-O 7.O-O e5 8.d3 Be6
9.Nd5 Nd7 10.Be3 a5 11.Qd2 Nc5 12.f4 exf4 13.Ndxf4 Ne5 14.Kh1 Bg4 15.Rad1 Ncxd3
16.Nxd3 Nxc4 17.Rc1 Nxb2 18.Nxb2 Bxe2 19.a4 Qd7 20.Qc2 Bxf1 21.Rxf1 b5 22.e5 Rae8
23.Nd3 bxa4 24.Bc6 Qh3 25.Kg1 Rb8 26.exd6 cxd6 27.Qxa4 Qe6 28.Ba7 Rbc8 29.Nf4 Qe5
30.Nd5 Kh8 31.Bb7 Rce8 32.Bc6 Rc8 33.Bb7 Rcd8 34.Qxa5 Qb2 35.Qc7 Rde8 36.Nf4 Bd4+
37.Bxd4+ Qxd4+ 38.Kh1 Qd2 39.Bg2 Re1 40.Qc4 Rxf1+ 41.Bxf1 Kg7 42.Be2 Re8
43.Kg2 g5  0-1

[Event "Open"]
[Site "Ubeda ESP"]
[Date "2001.01.21"]
[Round "1"]
[White "Estremera Panos,S"]
[Black "Bruzon,L"]
[Result "0-1"]
[WhiteElo "2394"]
[BlackElo "2584"]

1.d4 d5 2.c4 e6 3.Nf3 Nf6 4.Nc3 Nbd7 5.Bg5 Be7 6.e3 O-O 7.Rc1 a6 8.c5 c6
9.Bd3 e5 10.dxe5 Ne8 11.h4 Nxc5 12.Bb1 Ne6 13.Bxe7 Qxe7 14.Qc2 f5 15.O-O Nd8
16.Na4 g6 17.Nb6 Rb8 18.g3 Nf7 19.Qc3 Nc7 20.h5 Nb5 21.Qc5 Qxc5 22.Rxc5 Re8
23.hxg6 hxg6 24.a4 Nc7 25.Nh4 Nxe5 26.f4 Ng4 27.Nxc8 Rbxc8 28.Nxf5 gxf5 29.Bxf5 Ne6  0-1

[Event "Open"]
[Site "Ubeda ESP"]
[Date "2001.01.22"]
[Round "2"]
[White "Bruzon,L"]
[Black "Gonzalez,Bernal"]
[Result "1-0"]
[WhiteElo "2584"]
[BlackElo "2440"]

1.e4 c5 2.Nf3 Nc6 3.d4 cxd4 4.Nxd4 g6 5.c4 Bg7 6.Be3 Nf6 7.Nc3 Ng4 8.Qxg4 Nxd4
9.Qd1 Ne6 10.Rc1 b6 11.b4 Bb7 12.f3 O-O 13.Be2 f5 14.exf5 gxf5 15.O-O Qe8
16.Nd5 f4 17.Bf2 Qf7 18.Re1 Kh8 19.Kh1 Rg8 20.Bf1 Bc6 21.a4 d6 22.Bh4 Rae8
23.Nxe7 Rxe7 24.Qxd6 Rc7 25.Qxe6 Bxa4 26.Qxf7 Rxf7 27.c5 Rc7 28.cxb6 Rxc1
29.Rxc1 axb6 30.b5 Be5 31.Bf2 Rg6 32.Re1 Bc3  1-0

[Event "Open"]
[Site "Ubeda ESP"]
[Date "2001.01.23"]
[Round "3"]
[White "Janev,E"]
[Black "Bruzon,L"]
[Result "1-0"]
[WhiteElo "2445"]
[BlackElo "2584"]

1.e4 c5 2.Nf3 e6 3.d3 d5 4.Qe2 Nf6 5.g3 Be7 6.Bg2 O-O 7.O-O b5 8.e5 Nfd7
9.h4 Nc6 10.c3 a5 11.Bg5 a4 12.a3 Ba6 13.Nbd2 b4 14.c4 Nb6 15.Rfc1 Qd7 16.Qe3 Rad8
17.Bxe7 Qxe7 18.cxd5 Rxd5 19.Nc4 Rb8 20.Ng5 Nd7 21.Qe4 g6 22.Ne3 Ncxe5 23.Nxd5 exd5
24.Qe2 Bxd3 25.Qd2 c4 26.axb4 Qxb4 27.Qf4 Qd6 28.Rxa4 Rxb2 29.Ra5 Nb6 30.Ra7 Bf5
31.Re1 f6 32.Nf7 Qb4 33.Nh6+ Kh8 34.Rxe5 Nd7  1-0

[Event "Open"]
[Site "Ubeda ESP"]
[Date "2001.01.24"]
[Round "4"]
[White "Bruzon,L"]
[Black "Froehlich,P"]
[Result "1-0"]
[WhiteElo "2584"]
[BlackElo "2451"]

1.c4 Nf6 2.Nc3 c5 3.Nf3 b6 4.e4 Bb7 5.e5 Ng4 6.h3 Nh6 7.d4 cxd4 8.Nxd4 Nc6
9.Nxc6 Bxc6 10.Bd3 Bxg2 11.Rg1 Bxh3 12.Bxh6 gxh6 13.f4 Rc8 14.Qh5 Be6 15.f5 Bxc4
16.O-O-O Qc7 17.e6 Qf4+ 18.Kb1 Bxd3+ 19.Rxd3 d6 20.f6 Kd8 21.Qxf7 Rxc3 22.fxe7+ Bxe7
23.Qxf4 Rxd3 24.Qe4  1-0